000 00773cam a22002294a 4500
001 15766658
005 20180215085807.0
008 090608s2011 nyua b 001 0 eng
010 _a 2009022629
020 _a0205727654
040 _aDLC
_cDLC
_dDLC
041 _aeng
080 _a808.0427 BEH
082 0 0 _a808.0427 BEH
_222
100 1 _a47
101 _aEDU
245 1 0 _aWriting and reading across the curriculum /
_cLaurence Behrens, Leonard J. Rosen.
504 _aIncludes bibliographical references and index.
906 _a7
_bcbc
_corignew
_d1
_eecip
_f20
_gy-gencatlg
942 _2ddc
_cBK
999 _c42690
_d42690